| 000 | 00617nam a2200181 4500 | ||
|---|---|---|---|
| 001 | 120779 | ||
| 003 | ES-MaACL | ||
| 005 | 20230906191624.0 | ||
| 007 | t| | ||
| 008 | 070214s1944 gw r ||||1| ger d | ||
| 245 | 0 | 0 |
_aPolitische wissenschaf / _cherausgegeben von Franz Alfred Six [et. al.]. |
| 260 |
_aBerlin : _bJunker und Dünnhaupt Verlag, _c1944. |
||
| 300 |
_a1 v. ; _c25 cm. |
||
| 500 | _aPrecede al Tit : Deutsches Auslandswissenschaftlickes Institut. | ||
| 700 | 1 |
_aSix, Franz Alfred. _9106729 |
|
| 710 | 2 |
_aDeutsches Auslandswissenschaftlickes Institut. _93385 |
|
| 852 |
_aES-MaACL _j1850-F-2 _bR.20958 |
||
| 999 |
_c120779 _d120779 |
||